| 000 | 00564nam a2200109Ia 4500 | ||
|---|---|---|---|
| 008 | 220620s9999||||xx |||||||||||||| ||und|| | ||
| 245 | 4 | _aThe Routledge Handbook of Translation and Media | |
| 546 | _aEnglish[eng] | ||
| 650 | _aRoutledge Handbook of Translation and Media, Translation and social media, Translation and Journalism, Video game localization, translated news, Multimodality and translation, News Translation, Multimodality and translation,Media and translation,Esperança Bielsa, audiovisual translation | ||
| 700 | _aBielsa, Esperança | ||
| 942 | _cEB | ||
| 999 |
_c26476 _d26476 |
||